LIBRARY & INFORMATION CENTRE, KCAET, TAVANUR

ONLINE PUBLIC ACCESS CATALOGUE (OPAC)

Prachin barat ke kalamak vinod / (Record no. 12273)

MARC details
000 -LEADER
fixed length control field 00378cam a2200133ua 4500
041 ## - LANGUAGE CODE
Language code of text/sound track or separate title hin
082 ## - DEWEY DECIMAL CLASSIFICATION NUMBER
Classification number 891.43
Item number HAS/PR
100 ## - MAIN ENTRY--AUTHOR NAME
Personal name Hariprasad, trivedi .
245 ## - TITLE STATEMENT
Title Prachin barat ke kalamak vinod /
260 ## - PUBLICATION, DISTRIBUTION, ETC. (IMPRINT)
Place of publication Mumbai :
Name of publisher hindi- Grand ratnakar Karyalay ,
Year of publication 1952.
300 ## - PHYSICAL DESCRIPTION
Number of Pages 164 ; .

No items available.

free website counter